| 000 | 00571nam a2200193Ia 4500 | ||
|---|---|---|---|
| 005 | 20250508154834.0 | ||
| 008 | 008 250505s9999 xx 000 0 eng d | ||
| 037 | _aTextual | ||
| 040 |
_aFEDL _beng _cFEDL |
||
| 041 |
_aeng _2eng |
||
| 084 |
_a329.954, SIN _qFEDL |
||
| 100 |
_aSinha V. B. _9106097 |
||
| 245 | 0 | _aRed renel in India: A study of communist strategy and tactics | |
| 260 |
_aNew Delhi, India _bAssociated Publishing House _c1968 |
||
| 300 | _a262p | ||
| 650 | _aEconomics | ||
| 942 |
_cTEXL _h329.954, SIN |
||
| 999 |
_c1352415 _d1352415 |
||